Profile: Albus Dumbledore Quiz Stats

 Plays Quiz Updated Aug 29, 2017

Challenge
Share
Tweet
Embed
Score 0/32 Timer 07:00
7 Plays Today
% Correct
Piercing Blue
93.6%
Fawkes
87.4%
Gryffindor
86.1%
Headmaster
84.8%
Percival Wulfric Brian
79.8%
The Deathly Hallows
79.7%
Tom Riddle
79.1%
Nicolas Flamel
78.9%
Azkaban
78.8%
Marvolo Gaunt's Ring
78.8%
Gellert Grindelwald
78.7%
Phoenix
78.1%
Aberforth
77.9%
The Elder Wand
77.5%
Chocolate Frog
77.1%
Order of the Phoenix
75.5%
% Correct
Harris or Gambon
74%
The Resurrection Stone
73.2%
The Deluminator
70.4%
Godric's Hollow
69.2%
Bathilda Bagshot
69%
Ariana
67.2%
Transfiguration
66.9%
Head Boy
64.2%
Half-Blood
63.1%
Percival
60.7%
The Tales of Beedle the Bard
59.7%
Armando Dippet
57.1%
Dragon's Blood
56.7%
Kendra
51.1%
The Wizengamot
49.7%
Elphias Doge
49%

You're not logged in!

Compare scores with friends on all Sporcle quizzes.
Join for Free
OR
Log In

You Might Also Like...

Show Comments

Extras

Top Quizzes Today


Score Distribution

Your Account Isn't Verified!

In order to create a playlist on Sporcle, you need to verify the email address you used during registration. Go to your Sporcle Settings to finish the process.

Report this User

Report this user for behavior that violates our Community Guidelines.

Details: